| 000 | 01143cam a2200313 a 4500 | ||
|---|---|---|---|
| 001 | 1543972 | ||
| 003 | OSt | ||
| 005 | 20160617122137.0 | ||
| 008 | 910917s1992 nyua bf 001 0 eng c | ||
| 010 | _a 91036234 | ||
| 020 | _a091886304X | ||
| 040 | _aSEKU | ||
| 050 | 0 | 0 |
_aRC 480.55 _b.B45 1992 |
| 100 | 1 |
_aBellak, Leopold, _d1916- |
|
| 245 | 1 | 0 |
_aHandbook of intensive brief and emergency psychotherapy (B.E.P.) / _cby Leopold Bellak, with David M. Abrams and Ruby Ackermann-Engel. |
| 250 | _a2nd and rev. ed. | ||
| 260 |
_aLarchmont, NY : _bC.P.S., _cc1992. |
||
| 300 |
_a257 p. : _bill. ; _c22 cm. |
||
| 504 | _aIncludes bibliographical references (p. 244-252) and indexes. | ||
| 650 | 0 |
_aBrief psychotherapy _xHandbooks, manuals, etc. |
|
| 650 | 0 |
_aPsychiatric emergencies _xHandbooks, manuals, etc. |
|
| 650 | 0 |
_aCrisis intervention (Mental health services) _xHandbooks, manuals, etc. |
|
| 650 | 2 |
_aCrisis Intervention _xhandbooks. |
|
| 650 | 2 |
_aEmergencies _xhandbooks. |
|
| 650 | 2 |
_aPsychotherapy, Brief _xmethods _xhandbooks. |
|
| 700 | 1 | _aAbrams, David M. | |
| 700 | 2 |
_aAckermann-Engel, Ruby, _d1965- |
|
| 942 |
_2lcc _cGEN |
||
| 999 |
_c15213 _d15213 |
||